Quiz sur le Finistère - Statistiques

Statistiques générales
  • Ce quiz a été pris 4 355 fois
  • Le résultat moyen est 10 sur 18
Statistiques - réponses
Question Réponse % Correct
Région dans laquelle il se situe Bretagne
99%
Ville la plus peuplée et principal port du département Brest
97%
Numéro du département 29
96%
Préfecture et deuxième plus grande ville Quimper
93%
Célèbre pâtisserie bretonne qui est une spécialité de Douarnenez Kouign-amann
68%
Enseigne majeure de grande distribution originaire de Landerneau E. Leclerc
66%
Île située à 20 km à l'ouest de la partie continentale du département Ouessant
62%
Presqu'île qui est située en plein milieu du Finistère Presqu'île de {Crozon}
60%
Port de pêche touristique qui est la troisième ville du Finistère Concarneau
56%
Duché historique dont celle-ci était la capitale (qu'il ne faut pasconfondre avec la péninsule au sud-ouest de l'Angleterre) Cornouaille
51%
Mer qui borde l'ouest du Finistère Mer Celtique
50%
Dispositif permettant l'auscultation inventé par René Laennec Stéthoscope
49%
Sous-préfecture notamment connue pour son viaduc sur le Dosenn Morlaix
48%
Musicien de la préfecture qui a notamment composé labande originale du Fabuleux destin d'Amélie Poulain Yann {Tiersen}
38%
Footballeur franco-argentin, né dans le Finistère, qui s'estnotamment illustré au Real Madrid, au Napoli et à la Juve Gonzalo Higuaín
34%
Pays traditionnel auquel cette ville appartient Pays de {Léon}
31%
Ancien socialiste qui a fondé le mouvement Génération.s Benoît Hamon
30%
« Chacal » qui a détenu le record du Vendée-Globe de 2016 à 2025 Armel Le Cléac'h
18%
Aucun quiz correspondant
Distribution des résultats
% des personnes avec chaque résultat
Percentile par nombre de réponses
Votre historique - résultats
Vous n’avez pas pris ce quiz